000 00463nam a2200169Ia 4500
003 GCL
008 140319s9999 xx 000 0 eng d
040 _aGCL /
_cGCL
082 0 4 _a302.23
_bB N
100 1 _aBIOGI, SHIRLEY
245 1 0 _aMEDIA\IMPACT: AN INTRODUCTION TO MASS MEDIA /
_cBIOGI, SHIRLEY
260 _a[S.N] :
_bWADSUARTH PUBBISINT COMPANY ،
_c1993
300 _a559
650 0 4 _aMASS MEDIA
650 0 4 _aMASS - COMMUNICATIONS
942 _2ddc
_cBK
999 _c25116
_d25116